[Event "Rohde op 08th"]
[Site "Sautron"]
[Date "2008.10.29"]
[Round "6"]
[White "Das, Arghyadip"]
[Black "Maiorov, Nikita"]
[Result "1/2-1/2"]
[WhiteElo "2404"]
[BlackElo "2530"]
[Annotator "Primel,D"]
[PlyCount "116"]
[EventDate "2008.10.25"]
[EventType "swiss"]
[EventRounds "9"]
[EventCountry "FRA"]
[SourceTitle "EXT 2009"]
[Source "ChessBase"]
[SourceDate "2008.11.26"]
[SourceVersion "1"]
[SourceVersionDate "2008.11.26"]
[SourceQuality "1"]

1. d4 Nf6 2. Nc3 d5 3. Bg5 {L'attaque Veressov également connue en France sous
le nom d'attaque Betbeder, du nom de l'ancien joueur du Championnat de France}
Bf5 (3... Nbd7 4. Nf3 h6 5. Bh4 e6 6. e4 g5 7. Bg3 Nxe4) (3... e6 4. e4 dxe4 5.
Nxe4 {Retombe sur les lignes de la Française}) 4. Bxf6 (4. f3) 4... exf6 5. e4
$5 (5. e3 $142 {plus courant et e4 doit retomber dans les lignes du douteux
gambit DIEMER}) 5... dxe4 6. Qe2 (6. f3) (6. g4) 6... c6 7. O-O-O Bb4 8. g4 (8.
Nxe4 O-O $132 {[%cal Gf8e8]}) 8... Bc8 $146 ({RR} 8... Be6 9. d5 cxd5 10. Qb5+
Nc6 11. Qxb7 Rc8 12. Nxd5 Bxd5 13. Rxd5 Qxd5 14. Qxc8+ Ke7 15. Qc7+ Qd7 16.
Qxd7+ Kxd7 17. Bg2 Re8 18. Ne2 e3 19. fxe3 Rxe3 20. Rd1+ Kc7 21. Nf4 Ne7 22. h3
g6 23. Bf1 {Gashimov,V (2579)-Mamedov,R (2330)/Nakhchivan 2003/EXT 2004/1-0 
(52)}) 9. Nxe4 O-O 10. f4 f5 $1 {Le début d'une série d'échange qui vont
favoriser les noirs car l'indien va garder une mauvaise structure.} 11. gxf5
Bxf5 12. Bh3 Qh4 $1 (12... Bxe4 13. Qxe4 Re8) 13. Qf2 (13. Bxf5 Qxf4+ {[%cal
Gf4c1,Gf4f5]}) 13... Qxf2 14. Nxf2 Bxh3 15. Ngxh3 {[%csl Rf4]} Nd7 16. c3 Be7 (
16... Bd6 17. d5) 17. Rhe1 (17. Nd3 {[%cal Gd3e5]}) 17... Rfe8 18. Re2 Bf8 19.
Rde1 Rxe2 20. Rxe2 f5 21. Kd2 Nf6 (21... Kf7 22. Ng5+) 22. Ke3 (22. Nd3 {
[%cal Gd3e5]} Ne4+) 22... Re8+ 23. Kf3 Rxe2 24. Kxe2 Bd6 $15 {La finale est un
peu meilleure pour les noirs qui un meilleur B pour attaquer la faiblesse "f4"}
25. Kf3 h6 26. Nd3 Ng4 27. Kg2 Kf7 28. Nhf2 Ke6 29. h3 (29. Nxg4 $2 fxg4 {
[%csl Rf4][%cal Ge6f5]} 30. Kg3 Kf5 $17) 29... Nxf2 30. Kxf2 Kd5 {[%cal Gd5e4]}
31. Ke3 g5 $1 32. b3 b5 33. fxg5 hxg5 {[%csl Gf5]} 34. Nb2 Bf8 35. c4+ Kd6 36.
Nd3 Bg7 37. Nf2 bxc4 38. bxc4 Kc7 {[%csl Ra2,Rc4][%cal Gc7a5,Ga5a3,Ga5b4]} 39.
Kd3 Kd6 40. Nd1 Ke6 41. Ne3 Bf8 42. Nc2 Be7 43. Ke3 Bd6 44. Ne1 Kf6 45. Nd3 a5
46. Kf3 Bb8 47. a4 Bd6 48. Ke3 g4 {Une dernière tentative pour essayer de
forcer le gain mais les blancs tiennent la nulle et restent en course pour une
norme.} 49. hxg4 fxg4 50. Ke4 Kg5 51. Ne1 Kh4 52. Ng2+ Kh3 53. Ne3 Bf8 54. c5
g3 55. d5 Bxc5 56. dxc6 Bb6 57. Kf3 Bd8 58. Ng2 Bb6 1/2-1/2

[Event "Rohde op 07th"]
[Site "Sautron"]
[Date "2007.11.02"]
[Round "8"]
[White "Pruess, David"]
[Black "Raetsky, Alexander"]
[Result "1/2-1/2"]
[WhiteElo "2417"]
[BlackElo "2410"]
[Annotator "RR"]
[PlyCount "80"]
[EventDate "2007.10.27"]
[EventType "swiss"]
[EventRounds "9"]
[EventCountry "FRA"]
[SourceTitle "EXT 2008"]
[Source "ChessBase"]
[SourceDate "2007.11.25"]
[SourceVersion "1"]
[SourceVersionDate "2007.11.25"]
[SourceQuality "1"]

1. d4 d5 2. Nc3 Nf6 3. Bg5 {L'attaque Veresov} Nbd7 4. Qd2 (4. f3 {[%cal Ge2e4]
} c6 5. e4 dxe4 6. fxe4 e5 $1 {[%cal Gd8a5,Ga5g5];Berges,D (2292)-Primel,D
Rohde op Sautron 2001 (5) 1/2}) (4. Qd3 {[%cal Ge2e4]} h6 5. Bh4 c6 6. Nf3 Qa5
$132) (4. Nf3) 4... h6 $5 ({RR} 4... e6 5. f3 h6 6. Bf4 Bd6 7. Bxd6 cxd6 8. e4
dxe4 9. fxe4 O-O 10. Nf3 d5 11. Bd3 dxe4 12. Nxe4 Nxe4 13. Bxe4 Nf6 14. Bd3 Qb6
15. O-O-O Bd7 16. g4 Bc6 17. Rdf1 Rac8 18. g5 Ne4 19. Qe3 {Sagalchik,G (2487)
-Macieja,B (2633)/playchess.com INT 2004/CBM 099 ext/0-1 (46)}) 5. Bf4 {
Temps de reflexion (+ l'incrément de 30s)1h30} (5. Bh4 e6 6. e4 (6. e3) 6...
Nxe4 $1 {[%cal Ge4d2]} 7. Bxd8 Nxd2 8. Bxc7 Nxf1 9. Kxf1 b6 10. Bf4 Ba6+ 11.
Nce2 Be7 12. f3 {[%cal Gf1f2]} O-O (12... Rc8 {[%cal Gc8c2]}) 13. Kf2 Rfc8 14.
c3 Bd3 15. Bd2 b5 16. a4 a6 17. a5 b4 18. Ke3 bxc3 19. Bxc3 Bh7 {Pruess,D 
(2394)-Roussel Roozmon,T (2425)/Berkley 2005/CBM 107/0-1 (72)}) 5... c6 {1h32}
(5... a6 $1 {Les blancs sont actuellement en crise après cette suite} 6. O-O-O
{Peut-être trop ambitieux et le plan f3e4 semble plus solide} (6. f3 e6 7. e4
dxe4 8. fxe4 Bb4 $1 9. Bd3) 6... e6 7. f3 b5 $1 8. g4 Nb6 {[%csl Gc4]} 9. e3
Bb7 10. h4 Rc8 11. Bd3 c5 $132 12. dxc5 Bxc5 13. Nge2 {[%cal Gg4g5,Gd1h1]} Nfd7
$17 {Un trés fort coup positionnel: les noirs anticipent la poussée g4g5 tout
en ramenant une pièce supplémentaire en soutien а l'attaque des noirs а
l'aile-dame}) 6. O-O-O $5 $146 ({RR} 6. f3 {[%cal Ge2e4]} Nh5 $1 7. Be5 (7. Be3
e5 8. g4 Nhf6 9. O-O-O $11) 7... Nxe5 8. dxe5 g5 9. O-O-O Be6 10. e3 Qc7 11. g4
Ng7 12. h4 Qxe5 13. hxg5 Qxg5 14. Be2 Qe5 15. f4 Qc7 16. Nf3 O-O-O 17. f5 Bd7
18. e4 dxe4 19. Nxe4 Ne8 20. Nfg5 hxg5 {Boidman,Y (2420)-Hanko,P (2175)/
Prievidza 1997/EXT 1999/1-0 (58)}) 6... b5 $1 {Les noirs lancent en premier
l'attaque de marée de P sur les ailes opposées.} 7. Nf3 b4 8. Nb1 Ne4 9. Qe1 g5
10. Be3 {1h28} a5 {L'attaque noire semble plus rapide} 11. h4 Rg8 12. hxg5 hxg5
13. Nbd2 f6 14. Nxe4 dxe4 15. Nd2 {1h13} Nb6 {le russe semblait être surpris
par la nouveauté car il a dépensé pas mal de temps dans l'ouverture.} 16. f3
Qd5 17. b3 (17. Kb1 Be6 $36 {[%csl Ra2]}) 17... a4 $1 {Le sacrifice donne
beaucoup de jeu а l'aile-dame} (17... exf3) 18. fxe4 {1h13} Qa5 $36 {[%csl Rc1]
32mns} 19. Nb1 axb3 20. cxb3 f5 21. Rd2 {44mns} fxe4 {29mns} 22. Rc2 Nd5 23.
Qf2 Bg7 24. Bxg5 {35mns} e3 $1 {14mns} (24... Rf8 $143 25. Qh4 {[%cal Gh4h5]})
25. Bxe3 Rf8 $1 26. Qg3 Bf5 $40 27. Rb2 Rd8 $2 {Ratant le gain en fort zeinot}
(27... Rf7 {[%cal Gf7g7]} 28. Bf2 (28. Nd2 $2 Nc3 {[%csl Ra2]}) 28... Bxb1 29.
Rxb1 Qxa2 $19) 28. Bf2 {22mns} Nc3 {01 minute!!} 29. Qxg7 Bxb1 30. Rh8 {12mns}
Rxh8 {environ 30s pour jouer 10 coups!} 31. Qxh8+ {10mns} Kf7 32. Qh6 Qf5 $1 {
[%csl Rh6][%cal Gf5b1] Un superbe coup de défense joué avec une poignée de
secondes. La Q defend le B tout en controlant des cases de défenses de son K}
33. e3 {05 mns} Nxa2+ $1 34. Rxa2 {02mns} Bxa2 35. Bc4+ e6 36. Qf4 Bb1 37. Qc7+
{01mn} Kg6 38. Qg3+ Kf7 39. Qc7+ Kg6 40. Qg3+ Kf7 {[%mdl 8] les noirs ont
réussi а jouer les 40 coups!} 1/2-1/2

[Event "Porz Citroen-Cup"]
[Site "Cologne"]
[Date "1993.??.??"]
[Round "7"]
[White "Seul, Georg"]
[Black "Holzke, Frank"]
[Result "1-0"]
[WhiteElo "2425"]
[BlackElo "2375"]
[Annotator "RR"]
[PlyCount "87"]
[EventDate "1993.??.??"]
[EventType "tourn"]
[EventRounds "9"]
[EventCountry "GER"]
[EventCategory "9"]
[SourceTitle "EXT 1999"]
[Source "ChessBase"]
[SourceDate "1998.11.16"]
[SourceVersion "1"]
[SourceVersionDate "1998.11.16"]
[SourceQuality "1"]

1. d4 Nf6 2. Nc3 d5 3. Bg5 Bf5 4. Bxf6 gxf6 5. e3 Qd7 6. Nge2 Nc6 7. Ng3 Bg6 8.
h4 h6 9. Bd3 Bxd3 10. Qxd3 O-O-O 11. O-O-O Qg4 12. Qe2 Rg8 13. Qxg4+ Rxg4 14.
Rh2 e6 15. Nh5 Bd6 16. g3 f5 17. Ne2 Ne7 18. Nhf4 c5 19. dxc5 Bxc5 20. Rhh1 Nc6
21. Kb1 d4 22. Nd3 Bb6 23. f3 Rgg8 24. e4 fxe4 25. fxe4 Rg4 26. Nf2 Rg7 27. Nd3
Bc7 28. Rdf1 Ne5 29. Rf6 Ng4 30. Rf3 Ne3 31. a3 f5 32. exf5 Nxf5 33. Nc5 Re8
34. Rd1 Nxg3 35. Nxd4 Rge7 36. Ndxe6 Be5 37. Re3 Bf4 38. Rf3 Be5 39. Rd5 Bb8
40. Rc3 Ne2 41. Rc4 {[#]} b6 (41... Bc7) 42. Na6+ Kb7 43. Nd8+ Ka8 44. Rc8 (44.
Rc8 Rb7 (44... Rxd8 45. Rcxd8 Rb7 46. Rh8 {/\ Rd4-d8xb8}) 45. Rxb8+ Rxb8 46.
Nc7#) 1-0

[Event "Sautron op 16th"]
[Site "Sautron"]
[Date "2016.10.22"]
[Round "6.8"]
[White "Shirazi, Kamran"]
[Black "Bogdanov, Egor"]
[Result "0-1"]
[WhiteElo "2336"]
[BlackElo "2400"]
[Annotator "RR"]
[PlyCount "162"]
[EventDate "2016.10.22"]
[EventType "swiss"]
[EventRounds "9"]
[EventCountry "FRA"]
[SourceTitle "EXT 2019"]
[Source "ChessBase"]
[SourceDate "2018.10.10"]
[SourceVersion "1"]
[SourceVersionDate "2018.10.10"]
[SourceQuality "1"]
[TimeControl "40/5400+30:1800+30"]
[WhiteClock "0:01:15"]
[BlackClock "0:28:06"]

1. d4 {[%emt 0:00:17]} Nf6 {[%emt 0:00:00]} 2. Nc3 {[%emt 0:01:42]} d5 {
[%emt 0:00:00]} 3. Bg5 {[%emt 0:01:14]} c5 {[%emt 0:00:02]} (3... Nbd7) (3...
Bf5) 4. e4 $5 {[%emt 0:02:12]} Nxe4 {[%emt 0:02:21]} (4... dxe4 $143 5. d5 {
Un gambit Albin avec couleurs inversées}) 5. Nxe4 {[%emt 0:00:43]} dxe4 {
[%emt 0:00:07]} 6. dxc5 {[%emt 0:00:22]} (6. d5 Qb6 7. Ne2 Qxb2 $13) 6... Qa5+
{[%emt 0:03:15]} (6... Qxd1+ 7. Rxd1 Bd7 8. Be3 Nc6 9. f3 Bf5 10. c3 e6 11. Bb5
Be7 12. f4 Rd8 13. Ne2 Rxd1+ 14. Kxd1 Kd7 15. Kc1 Kc7 16. Nd4 {1/2-1/2 (16)
Hauser,J (2377)-Mut Company,G (2290) ICCF email 2012}) 7. Qd2 {[%emt 0:00:13]}
Qxc5 {[%emt 0:02:30]} 8. O-O-O {[%emt 0:01:35][%csl Rd8]} Nc6 {[%emt 0:00:10]}
9. Be3 {[%emt 0:02:25]} Qa5 {[%emt 0:07:00] Le plus simple pour freiner
l'initiative des Blancs} 10. Qxa5 Nxa5 {[%emt 0:00:05]} 11. Rd4 $146 {[%emt 0:
01:11]} (11. Bb5+ Nc6 12. Ne2 e6 13. Rd4 f5 14. Rhd1 Be7 15. Rc4 Bd7 16. Nd4
Rc8 17. Nxc6 Bxc6 18. Bxa7 Kf7 19. Bxc6 bxc6 20. Rd7 Rhd8 21. Rcd4 Ke8 22.
Rxd8+ Bxd8 23. Bc5 Bc7 24. h3 g5 25. Kd1 h5 26. Ke2 g4 {1/2-1/2 (26) Einarsson,
E (2085)-Van der Weide,K (2450) Reykjavik 1998}) (11. Ne2 {[%cal Ge2c3,Gc3e4]}
Bg4 12. h3 Bxe2 13. Bxe2 $44 {[%csl Ge2,Ge3][%cal Ge2b5]}) 11... f5 {[%emt 0:
02:05]} 12. f3 {[%emt 0:00:12] Joué à tempo mais c'est un peu trop lent} (12.
Bb5+ Nc6 13. Ne2 Bd7 14. Rd2 (14. Bxc6 Bxc6 15. Ng3 e6 $15) 14... e6 (14... a6)
15. Rhd1) 12... Nc6 {[%emt 0:00:11]} 13. Bb5 {[%emt 0:00:15]} Bd7 $132 {
[%emt 0:00:27]} 14. Ra4 {[%emt 0:00:06]} a6 {[%emt 0:02:05]} 15. fxe4 {[%emt 0:
00:09]} Rc8 $1 $132 {[%emt 0:00:33][%csl Ra4,Rb5]} 16. Be2 {[%emt 0:06:02]} b5
$1 {[%emt 0:06:10]} 17. Rxa6 {[%emt 0:01:17]} Nb4 {[%emt 0:00:09][%csl Rc1]
[%cal Gb4a6,Gb4c2,Gc8c2]} 18. Ra7 {[%emt 0:04:21]} Nxc2 $40 {[%emt 0:00:51]
[%cal Gc8c1,Gc2e3]} 19. Bf2 {[%emt 0:44:22]} fxe4 {[%emt 0:05:41]} 20. Rxd7 {
[%emt 0:07:46] L'ouverture a mal tourné pour le MI qui est contraint de
pêcher en eaux troubles mais à part la paire de B, il n'a pas beaucoup de
compensations} (20. Kb1 Bf5 {[%cal Ge4e3]}) 20... Kxd7 {[%emt 0:01:16]} 21.
Bxb5+ {[%emt 0:00:05]} Ke6 $1 {[%emt 0:00:51]} 22. Ba6 {[%emt 0:01:27]} Rc7 {
[%emt 0:00:31]} (22... Ra8 23. Bc4+) 23. Bg3 {[%emt 0:00:29]} (23. Kb1) 23...
Rc5 {[%emt 0:00:36]} 24. Kb1 {[%emt 0:02:35]} g6 {[%emt 0:13:20][%csl Rb2]
[%cal Gf8g7]} 25. Ne2 {[%emt 0:03:07]} Bh6 {[%emt 0:03:21][%csl Gc1]} (25...
Bg7 26. Rc1) 26. Nc3 {[%emt 0:04:01]} Nb4 {[%emt 0:03:22]} 27. Be2 {[%emt 0:01:
22]} Bg7 {[%emt 0:08:03]} 28. Bg4+ {[%emt 0:01:40]} Kf7 {[%emt 0:00:06]} 29.
Rf1+ {[%emt 0:00:12]} Ke8 {[%emt 0:00:29]} 30. Na4 $6 {[%emt 0:05:46]} (30.
Nxe4 $142 Rc4 31. Bf3 Kd7 {[%cal Gh8c8]} (31... Rf8) 32. Rd1+ Rd4 33. Nc5+)
30... Rc6 {[%emt 0:01:17]} 31. Rd1 $44 {[%emt 0:02:37][%csl Gg4,Rh8][%cal
Gg4d7] Tant que les Noirs n'ont pas le temps de développer la Rh8, les Blancs
ont des petites compensations et le B de cases Blanches est très fort} Nd3 {
[%emt 0:00:42]} 32. Be2 {[%emt 0:01:49]} Rf8 $1 $17 {[%emt 0:00:24]} 33. a3 {
[%emt 0:00:22]} Rf5 {[%emt 0:02:19]} 34. Bxd3 {[%emt 0:01:05]} exd3 {[%emt 0:
00:07]} 35. Rxd3 {[%emt 0:00:29]} Ra5 {[%emt 0:00:13]} 36. b3 {[%emt 0:00:44]
[%csl Ga3,Gb3]} Rf5 {[%emt 0:00:59]} 37. Rd1 {[%emt 0:00:08]} Re6 {[%emt 0:00:
48]} 38. Nb2 {[%emt 0:01:21]} Re3 {[%emt 0:02:52]} 39. Nd3 {[%emt 0:01:21]} Rd5
{[%emt 0:00:39]} 40. Kc2 {[%emt 0:00:00][%cal Gb3b4]} e5 $1 {[%emt 0:00:00]
[%cal Ge5e4,Gd5d1]} 41. Nc1 {[%emt 0:07:11]} Rc5+ $1 {[%emt 0:08:57] Bloque le
K Blanc à l'aile-dame et la poussée de la majorité va être difficile à
réaliser} (41... Rxd1 $143 42. Kxd1 $13 {[%csl Ga3,Gb3]}) 42. Kb1 {[%emt 0:00:
07]} Rec3 {[%emt 0:00:27]} 43. Be1 {[%emt 0:03:35]} Rc2 $40 {[%emt 0:00:37]
[%csl Rb1,Rg2]} 44. Nd3 {[%emt 0:00:23][%cal Ge1b4]} Rc8 {[%emt 0:00:23][%cal
Gc2g2]} 45. Rd2 {[%emt 0:05:11]} R2c3 {[%emt 0:01:27]} 46. Rd1 {[%emt 0:03:29]}
(46. Kb2 $2 e4 {[%cal Gg7b2,Ge4d3]}) 46... Rxb3+ {[%emt 0:00:20]} 47. Ka2 {
[%emt 0:00:25]} Rb7 $19 {[%emt 0:00:25][%csl Ra2][%cal Gc8c2,Ge5e4]} 48. Nb4 {
[%emt 0:00:32]} e4 {[%emt 0:02:41]} 49. Rd2 {[%emt 0:02:40]} e3 {[%emt 0:04:43]
} 50. Re2 {[%emt 0:00:58]} Bd4 {[%emt 0:00:08]} 51. Nd5 {[%emt 0:04:57]} Rc1 {
[%emt 0:00:45]} 52. Bc3 {[%emt 0:00:37]} Bc5 {[%emt 0:03:55]} 53. Bb4 {[%emt 0:
01:50]} Kf7 {[%emt 0:03:13]} (53... Kd8 54. Bxc5 Rxc5 55. Nb4) (53... Bxb4 {
Plus rapide}) 54. Bxc5 {[%emt 0:00:48]} Rxc5 {[%emt 0:00:05]} 55. Nxe3 {
[%emt 0:00:07]} Kg7 {[%emt 0:01:28]} 56. Nd1 {[%emt 0:01:42]} h5 {[%emt 0:00:
36]} 57. Nb2 {[%emt 0:00:22]} h4 {[%emt 0:00:40]} 58. Nd3 {[%emt 0:00:24]} Rc3
{[%emt 0:00:13]} 59. Nb4 {[%emt 0:00:06]} Ra7 {[%emt 0:00:19]} 60. Nc2 {
[%emt 0:00:08]} Rd3 {[%emt 0:00:53]} 61. Kb2 {[%emt 0:00:32]} g5 {[%emt 0:00:
19]} 62. Kc1 {[%emt 0:01:51]} Rf7 {[%emt 0:00:16]} 63. Kb2 {[%emt 0:00:14]} Rf1
{[%emt 0:01:07]} 64. Ne1 {[%emt 0:02:21]} Rd5 {[%emt 0:01:38]} 65. h3 {[%emt 0:
00:22]} Kf6 {[%emt 0:04:30]} 66. Nf3 {[%emt 0:01:41]} Rb5+ {[%emt 0:02:37]} 67.
Ka2 {[%emt 0:01:32]} Ra5 {[%emt 0:01:42]} 68. Kb2 {[%emt 0:00:43]} Kf5 {
[%emt 0:00:27]} 69. Nd2 {[%emt 0:00:14]} Rf4 {[%emt 0:00:11]} 70. Kb3 {[%emt 0:
00:21]} Rb5+ {[%emt 0:00:02]} 71. Ka2 {[%emt 0:00:30]} Rd5 {[%emt 0:01:53]} 72.
Nf3 {[%emt 0:00:16]} Rd3 {[%emt 0:00:40]} 73. Rb2 {[%emt 0:01:11]} Re4 {
[%emt 0:02:09]} 74. Nh2 {[%emt 0:01:33]} Ree3 $19 {[%emt 0:00:35]} 75. Rb5+ {
[%emt 0:00:09]} Kf4 {[%emt 0:01:43]} 76. Rb4+ {[%emt 0:00:08]} Re4 {[%emt 0:03:
05]} 77. Rb2 {[%emt 0:00:08]} Ra4 {[%emt 0:00:32]} 78. Rb4+ {[%emt 0:00:51]}
Rxb4 {[%emt 0:00:05]} 79. axb4 {[%emt 0:00:09]} Rd2+ {[%emt 0:00:13]} 80. Kb3 {
[%emt 0:01:07]} Rxg2 {[%emt 0:00:07]} 81. Ng4 {[%emt 0:00:46]} Rxg4 {[%emt 0:
00:21]} 0-1

[Event "ROM-chT"]
[Site "Eforie Nord"]
[Date "2000.12.18"]
[Round "1"]
[White "Slovineanu, Viacheslav"]
[Black "Manolache, Marius"]
[Result "1/2-1/2"]
[WhiteElo "2402"]
[BlackElo "2399"]
[Annotator "Rabinovich,Al"]
[PlyCount "117"]
[EventDate "2000.12.18"]
[EventType "team"]
[EventRounds "5"]
[EventCountry "ROU"]
[SourceTitle "CBM 081"]
[Source "ChessBase"]
[SourceDate "2001.03.20"]
[SourceVersion "1"]
[SourceVersionDate "2001.03.20"]
[SourceQuality "1"]
[WhiteTeam "Bucharest Electrica"]
[BlackTeam "Victoria Techirghiol"]
[WhiteTeamCountry "ROU"]
[BlackTeamCountry "ROU"]

1. d4 Nf6 2. Nc3 d5 3. Bg5 Nbd7 4. e3 (4. f3 h6 5. Bh4 c5 6. e4 cxd4 7. Bxf6
exf6 (7... Nxf6 8. Qxd4 dxe4 9. Bb5+ Bd7 10. O-O-O Bxb5 11. Nxb5 Qxd4 12. Rxd4
e5 13. Rc4 Rd8 14. fxe4 a6 15. Nc7+ Kd7 16. Nf3 Bd6 17. Rd1 Ke7 $15 {0-1
Lauritsen,N-Atlas,V/Yerevan 1996/EXT 97 (60)}) 8. Qxd4 Bc5 9. Qd2 dxe4 10. Nxe4
O-O 11. O-O-O Qb6 12. Nxc5 Nxc5 13. Bc4 Be6 14. Bxe6 fxe6 15. Ne2 Rac8 16. Qe3
Rfd8 17. Rxd8+ Rxd8 18. Rd1 Rxd1+ {1/2-1/2 Rodriguez Vargas,O-Lautier,J/
Salamanca 1998/EXT 99 (18)}) (4. Nf3 h6 5. Bh4 a6 6. a3 b6 7. Ne5 Bb7 8. e3 e6
9. f4 Rg8 $6 (9... Be7 {[%cal Gf6e4]}) 10. Bd3 g5 11. Bg3 gxf4 12. exf4 c5 13.
O-O cxd4 14. Ne2 Nxe5 15. fxe5 Ng4 16. Nxd4 h5 (16... Ne3 17. Qh5 Nxf1 18. Rxf1
Qd7 19. Bh4 $40 {[%cal Gf1f6,Gf6e6]} Bg7 $4 20. Rxf7 Qxf7 21. Bg6) 17. Qf3 Qe7
18. h3 Bh6 19. Bf4 Bxf4 20. Qxf4 $18 {1-0 Drazic,S-Nevednichy,V/Ulcinj 1998/
EXT 99 (38)}) 4... c6 5. Nf3 g6 6. Bd3 Bg7 7. O-O O-O 8. h3 {Good profylactic
move.Sometimes white B has to escape to h2.} Re8 {[%cal Ge7e5]} 9. Qd2 (9. a4 {
Preventing b5 or b6.} b6 $6 10. a5 $14) 9... b5 $5 {[%cal Gb5b4,Gf6e4]} (9...
e5 10. dxe5 Nxe5 11. Nxe5 Rxe5 12. Bf4 (12. e4 $2 dxe4 13. Nxe4 Nxe4 $19) 12...
Re8 13. Rad1 $11) 10. a3 Bb7 $11 {The position is equal.White has a slightly
better chances,because of unworking B on b7.} 11. Bf4 {[%csl Re5] Taking care
of important e5 square and removing the B to more active place.} a6 {[%cal
Gc6c5]} 12. b4 $1 {Now B on b7 is out of the game for a while and white can
use some weaknesses on black's queenside.} a5 {[%cal Gb6c4,Gd7b6]} 13. Ne5 (13.
Rfb1 $5 {[%cal Gc3e2,Ge2c1,Gc1b3,Gb3c5,Gb3a5]} axb4 (13... Nb6 $6 14. bxa5 Nc4
15. Bxc4 dxc4 16. Ne5 $16 {[%cal Ge5c4,Ga3a4]}) 14. axb4 Nb6 15. Rxa8 Qxa8 16.
Qc1 Nc4 17. Ra1 Qc8 18. Ra7 $36) 13... Nxe5 14. Bxe5 Bf8 {[%cal Gf6d7,Gd7b6]}
15. e4 Qb6 (15... dxe4 16. Nxe4 (16. Bxe4 Nxe4 17. Nxe4 f6 18. Bf4 Qd5 19. Nc5
Bc8 $15 {[%cal Gc8f5,Ge7e5]}) 16... Nxe4 17. Bxe4 f6 18. Bf4 e5 19. dxe5 fxe5
20. Be3 Qxd2 21. Bxd2 $14 {[%csl Rb5,Rb7,Rc6]}) 16. Rab1 (16. exd5 Nxd5 17.
Nxd5 cxd5 18. Qe2 Bc6 19. a4 $5 axb4 20. axb5 Bd7 $15 {[%csl Rd4][%cal Gf7f6]})
16... axb4 (16... dxe4 17. Nxe4 Nxe4 18. Bxe4 axb4 19. axb4 f6 20. Bf4 Red8 {
[%cal Ge7e5]} 21. Be3 e5 {[%cal Gf6f5,Gf5f4]} 22. dxe5 $8 Rxd2 23. Bxb6 fxe5
24. Be3 Rdd8 25. c3 Ra3 26. Rbd1 Rxd1 27. Rxd1 $14 {[%cal Gd1d8,Ge3c5]}) 17.
axb4 Ra3 18. Rfe1 {White is still slightly better,but black plays correct and
doesn't let white to larger his advantage.} Rd8 {[%cal Gf6d7] Now white is
forced to releaze the pressure in the center.} 19. exd5 Nxd5 $11 20. Ne2 (20.
Nxd5 cxd5 21. Qe2 {[%csl Rb5]} Bc6 $11) 20... Bc8 $6 {[%cal Gc8e6] Black
removes finally his B to more active place,but might have been better first to
play 20...Rda8 to take control over a-file.} (20... Rda8 $142) 21. c3 (21. Ra1
Rxa1 22. Rxa1 $14) 21... Be6 22. Rec1 {[%cal Gc3c4]} f6 23. Bg3 Bf7 24. c4 {
White is looking for any chances to complicate the game.} bxc4 25. Bxc4 Ra4 26.
Nc3 (26. b5 cxb5 27. Rxb5 Qa7 $11) 26... Nxc3 $6 {Move which gives white
winning chances in the ending.} (26... Ra3 $142 27. Ne4 $14 {[%cal Ge4c5]}) 27.
Bxf7+ Kxf7 28. Qxc3 Kg7 (28... e6 29. b5 c5 30. dxc5 Bxc5 31. Qxc5 Rd1+ 32.
Rxd1 Qxc5 33. b6 $18) 29. b5 $1 $14 {[%csl Rf8] Finally white finds some
winning resources,he is winning an exchange,but still it is not to break the
black defence.} cxb5 (29... Qxd4 30. Qxd4 Rdxd4 31. bxc6 $18) 30. Bc7 Qxd4 31.
Bxd8 Qxd8 32. Rxb5 {White has exchange for pawn.It gives him good chances,but
he must be carefull of unneeded exchanges.He should leave all the pieces in
the game,every piece which will be exchanged larges black's hopes for draw.
Let see what white's plan should be: 1.To activate the rooks, putting one of
them on e6 and the second on e1 so black's B won't be in the game. 2.Always to
threat the sacrafise on e7,so black Q or R or both will have to defend it.3.
Bring the Q also attack e7 square 4. After all black pieces will be busy with
defending, push one pawn h or f to weaken the black K castle.Another plan is
to defend from exchanging the rooks and then to try to bring both rooks or R+Q
to eight rank.} Rd4 {With "hidden" idea to change the rooks.} 33. Rc5 $2 (33.
Rbb1 $1 {Was the best try.}) (33. Qf3 Rd3 34. Qg4 Rd4 {And white can't prevent
exchanging one R.}) 33... Rd1+ 34. Rxd1 Qxd1+ 35. Kh2 Qd6+ 36. g3 Qb6 {Now
white is not capble of winning the ending with queens on the board,because
black Q will always attack the white pawns on kingside.} 37. Kg2 Qb7+ 38. Qf3
Qxf3+ 39. Kxf3 {Now black is out of danger.White can't break the black castle.}
Kf7 {[%cal Gf8h6,Gh6c1,Gc1a3]} 40. Ke4 h5 41. Rc8 (41. f4 {Not letting black
to activate the B.} Bh6 $6 (41... f5+ $1 42. Kd5 Bh6 {[%cal Gh5h4]} 43. h4 Bg7
44. Kc6 Bb2 45. Kd7 Ba3 46. Re5 Bb4 $11) 42. g4 hxg4 43. hxg4 {Giving white
small chances.}) 41... Bh6 42. h4 (42. Rc2 $142 {Was better.White is not
letting black B to take good position and now white can push the K to d7.} Ke6
43. Re2 Bg7 {[%cal Gf6f5]}) 42... Bd2 {Now black defending easily his only
weakness on e7.} 43. Kd5 Be1 $1 {[%csl Rf2,Rg3,Rh4] Unluckily for white his
pawns placed on dark squares,what gives black more defending resources.} 44.
Rc2 Bb4 {Important to keep white K not to enter e6 square.} (44... Ke8 $2 45.
Ke6) 45. Kc6 Ke8 46. Ra2 Be1 47. Kc7 Bc3 48. Ra8+ Kf7 49. Kd7 {White has
reached the best setup for his pieces,more than that he can't get It finds out
as not enough for victory.} Bd4 {[%csl Rf2,Rg3,Rh4]} 50. Ra2 Bc5 51. Rc2 Bb4
52. Re2 Bd6 53. Re6 {White is trying something or waiting for black's mistake,
but the position is already drawn.} Bc5 54. f3 f5 55. Re2 Bd6 56. Rg2 Bc5 57.
Re2 Bd6 58. f4 Bc5 59. Rb2 1/2-1/2